5HLuxD.jpg

KING HENRY VIII SENIOR AND PRIMARY SCHOOL LIBRARY OPAC

Physics for you : (Record no. 330)

000 -LEADER
fixed length control field 01086nam a22003731i 4500
001 - CONTROL NUMBER
control field 020616723
003 - CONTROL NUMBER IDENTIFIER
control field UkOxU
005 - DATE AND TIME OF LATEST TRANSACTION
control field 20190806115006.0
008 - FIXED-LENGTH DATA ELEMENTS--GENERAL INFORMATION
fixed length control field 160419s2016 enka 001|0|eng|d
015 ## - NATIONAL BIBLIOGRAPHY NUMBER
National bibliography number GBB664473
Source bnb
016 7# - NATIONAL BIBLIOGRAPHIC AGENCY CONTROL NUMBER
Record control number 017842357
Source Uk
020 ## - INTERNATIONAL STANDARD BOOK NUMBER
International Standard Book Number 9780198375715 (pbk.) :
035 ## - SYSTEM CONTROL NUMBER
System control number (Uk)017842357
040 ## - CATALOGING SOURCE
Original cataloging agency StDuBDS
Language of cataloging eng
Description conventions rda
Transcribing agency StDuBDS
Modifying agency Uk
042 ## - AUTHENTICATION CODE
Authentication code ukblsr
082 04 - DEWEY DECIMAL CLASSIFICATION NUMBER
Classification number 530 JOH
Edition number 23
100 1# - MAIN ENTRY--PERSONAL NAME
Personal name Johnson, Keith,
Dates associated with a name 1938-
Relator term author.
245 10 - TITLE STATEMENT
Title Physics for you :
Remainder of title new edition for all GCSE examinations /
Statement of responsibility, etc. Keith Johnson.
250 ## - EDITION STATEMENT
Edition statement Fifth edition.
264 #1 - PRODUCTION, PUBLICATION, DISTRIBUTION, MANUFACTURE, AND COPYRIGHT NOTICE
Place of production, publication, distribution, manufacture Oxford :
Name of producer, publisher, distributor, manufacturer Oxford University Press,
Date of production, publication, distribution, manufacture, or copyright notice [2016]
300 ## - PHYSICAL DESCRIPTION
Extent 400 pages :
Other physical details illustrations (colour)
336 ## - CONTENT TYPE
Content type term text
Source rdacontent
336 ## - CONTENT TYPE
Content type term still image
Source rdacontent
337 ## - MEDIA TYPE
Media type term unmediated
Source rdamedia
338 ## - CARRIER TYPE
Carrier type term volume
Source rdacarrier
500 ## - GENERAL NOTE
General note Includes index.
500 ## - GENERAL NOTE
General note Formerly CIP.
Institution to which field applies Uk
521 2# - TARGET AUDIENCE NOTE
Target audience note GCSE.
650 #0 - SUBJECT ADDED ENTRY--TOPICAL TERM
Topical term or geographic name entry element Physics.
650 #0 - SUBJECT ADDED ENTRY--TOPICAL TERM
Topical term or geographic name entry element Physics
Form subdivision Problems, exercises, etc.
700 ## - ADDED ENTRY--PERSONAL NAME
Personal name Holt, Sue
942 ## - ADDED ENTRY ELEMENTS (KOHA)
Source of classification or shelving scheme
Koha item type Books - Non Ficton
Holdings
Withdrawn status Lost status Source of classification or shelving scheme Damaged status Not for loan Collection code Permanent Location Current Location Shelving location Date acquired Total Checkouts Total Renewals Full call number Barcode Date last seen Date last checked out Price effective from Koha item type
          Non-Fiction KH8 Senior School Library KH8 Senior School Library Non Fiction 2019-08-06 2 1 530 JOH 3KHSL000100245 2022-01-17 2021-12-15 2019-08-06 Books - Non Ficton
          Teaching Resources KH8 Senior School Library KH8 Senior School Library Staff Office 2023-07-20 1   530 JOH TRKHSL000924 2025-07-03 2024-11-07 2023-07-20 Teaching Resources
          Teaching Resources KH8 Senior School Library KH8 Senior School Library Staff Office 2023-07-20 1   530 JOH TRKHSL000925 2025-07-03 2024-11-07 2023-07-20 Teaching Resources
          Teaching Resources KH8 Senior School Library KH8 Senior School Library Staff Office 2023-07-20 1   530 JOH TRKHSL000926 2025-07-03 2024-11-07 2023-07-20 Teaching Resources
          Teaching Resources KH8 Senior School Library KH8 Senior School Library Staff Office 2023-07-20 1   530 JOH TRKHSL000927 2025-07-03 2024-11-07 2023-07-20 Teaching Resources
          Teaching Resources KH8 Senior School Library KH8 Senior School Library Staff Office 2023-07-20     530 JOH TRKHSL000928 2023-07-20   2023-07-20 Teaching Resources
          Teaching Resources KH8 Senior School Library KH8 Senior School Library Staff Office 2023-07-20 1   530 JOH TRKHSL000929 2025-07-03 2024-11-07 2023-07-20 Teaching Resources
          Teaching Resources KH8 Senior School Library KH8 Senior School Library Staff Office 2023-07-20     530 JOH TRKHSL000930 2023-07-20   2023-07-20 Teaching Resources
          Teaching Resources KH8 Senior School Library KH8 Senior School Library Staff Office 2023-07-20 1   530 JOH TRKHSL000931 2025-07-03 2024-11-07 2023-07-20 Teaching Resources
          Teaching Resources KH8 Senior School Library KH8 Senior School Library Staff Office 2023-07-20     530 JOH TRKHSL000932 2023-07-20   2023-07-20 Teaching Resources
          Teaching Resources KH8 Senior School Library KH8 Senior School Library Staff Office 2023-07-20 1   530 JOH TRKHSL000933 2025-07-03 2024-11-07 2023-07-20 Teaching Resources
          Teaching Resources KH8 Senior School Library KH8 Senior School Library Staff Office 2023-07-20 1   530 JOH TRKHSL000934 2025-07-03 2024-11-07 2023-07-20 Teaching Resources
          Teaching Resources KH8 Senior School Library KH8 Senior School Library Staff Office 2023-07-20 1   530 JOH TRKHSL000935 2025-07-03 2024-11-07 2023-07-20 Teaching Resources
          Teaching Resources KH8 Senior School Library KH8 Senior School Library Staff Office 2023-07-20 1   530 JOH TRKHSL000936 2025-07-03 2024-11-07 2023-07-20 Teaching Resources
          Teaching Resources KH8 Senior School Library KH8 Senior School Library Staff Office 2023-07-20 1   530 JOH TRKHSL000937 2025-07-03 2024-11-07 2023-07-20 Teaching Resources
          Teaching Resources KH8 Senior School Library KH8 Senior School Library Staff Office 2023-07-20 1   530 JOH TRKHSL000938 2025-07-03 2024-11-07 2023-07-20 Teaching Resources
          Teaching Resources KH8 Senior School Library KH8 Senior School Library Staff Office 2023-07-20 1   530 JOH TRKHSL000939 2025-07-03 2024-11-07 2023-07-20 Teaching Resources
          Teaching Resources KH8 Senior School Library KH8 Senior School Library Staff Office 2023-07-20 1   530 JOH TRKHSL000940 2025-07-03 2024-11-07 2023-07-20 Teaching Resources
          Teaching Resources KH8 Senior School Library KH8 Senior School Library Staff Office 2023-07-20 1   530 JOH TRKHSL000941 2025-07-03 2024-11-07 2023-07-20 Teaching Resources
          Teaching Resources KH8 Senior School Library KH8 Senior School Library Staff Office 2023-07-20 1   530 JOH TRKHSL000942 2025-07-03 2024-11-07 2023-07-20 Teaching Resources
          Teaching Resources KH8 Senior School Library KH8 Senior School Library Staff Office 2023-07-20     530 JOH TRKHSL000944 2023-07-20   2023-07-20 Teaching Resources
          Teaching Resources KH8 Senior School Library KH8 Senior School Library Staff Office 2023-07-20 1   530 JOH TRKHSL000945 2025-07-03 2024-11-07 2023-07-20 Teaching Resources
          Teaching Resources KH8 Senior School Library KH8 Senior School Library Staff Office 2023-07-20     530 JOH TRKHSL000946 2023-07-20   2023-07-20 Teaching Resources
          Teaching Resources KH8 Senior School Library KH8 Senior School Library Staff Office 2023-07-20 1   530 JOH TRKHSL000947 2025-07-03 2024-11-07 2023-07-20 Teaching Resources
          Teaching Resources KH8 Senior School Library KH8 Senior School Library Staff Office 2023-07-20 1   530 JOH TRKHSL000948 2025-07-03 2024-11-07 2023-07-20 Teaching Resources
          Teaching Resources KH8 Senior School Library KH8 Senior School Library Staff Office 2023-07-20 1   530 JOH TRKHSL000949 2025-07-03 2024-11-07 2023-07-20 Teaching Resources

Powered By KH8 IT Dept